000 00335nam a2200133Ia 4500
005 20251222140052.0
008 251222s1900||||xx |||||||||||||| ||spa||
082 _a160/G74I
100 _aGortari, Eli de
245 0 _aIntroducción a la Lógica Dialéctica
250 _a3a.ed.
264 _bFondo de Cultura Económica
942 _cLIB
999 _c3620
_d3620